00414nam a2200169Ia 4500003000400000005001700004008004100021040000700062041000800069082002300077100001800100245003300118260004300151300001600194365001300210650002100223OSt20230418120355.0210423s2003 xx 000 0 und d cAL aeng a658.421 223bKHAE aKHANKA (S S). aEntrepreneurial development. aNew DelhibS Chand & Company Ltdc2003 axiv,405bPB b225cINR aEntrepreneurship